000 00237nam a2200097Ia 4500
001 990972
005 20250826221321.0
008 250824s9999 xx 000 0 und d
245 0 _aİNTİKAM
_cKAHRAMAN TAZEOĞLU
260 _bDESTEK YAYINLARI
999 _c990972
_d990972